000 00436nam a2200157 a 4500
001 000016689
005 20200929164940.0
008 100309s1939 dr 001 0 spa d
040 _aDO-SdBNP
_bspa
_cBNPHU
082 _axxxx
_bH519c
100 1 _aHenríquez, Leonardo
_935318
245 1 0 _aCartilla diplomática / :
_bLeonardo Henríquez.
260 _aBruselas, Bélgica,
_c1939.
300 _axxiii, 173 p. ;
_c17 cm.
049 _aBNPD
999 _c16222
_d16222